Direktmandate im Bundestag, 19. Legislaturperiode - Statistiken

Allgemein
  • Dieses Quiz wurde 70 mal gespielt
  • Das Durchschnittsergebnis liegt bei 37 aus 299
Antwortstatistiken
Tipp MdB % Korrekt
Wahlkreis 15: Vorpommern-Rügen – Vorpommern-Greifswald I, Bundeskanzlerin, CDU Angela Merkel
86%
Wahlkreis 70: Dessau – Wittenberg, CDU Sepp Müller
73%
Wahlkreis 294: Ravensburg, CDU Axel Müller
71%
Wahlkreis 256: Oberallgäu, CSU, Minister für wirtschaftliche Zusammenarbeit Gerd Müller
71%
Wahlkreis 242: Erlangen, CSU Stefan Müller
71%
Wahlkreis 16: Mecklenburgische Seenplatte I – Vorpommern-Greifswald II, CDU Philipp Amthor
65%
Wahlkreis 243: Fürth, CSU Christian Schmidt
59%
Wahlkreis 248: Bad Kissingen, CSU Dorothee Bär
57%
Wahlkreis 84: Berlin-Treptow – Köpenick, Die Linke Gregor Gysi
55%
Wahlkreis 297: Saarlouis, CDU, Wirtschaftsminister Peter Altmaier
53%
Wahlkreis 49: Salzgitter – Wolfenbüttel, SPD, Minister a.D. Sigmar Gabriel
53%
Wahlkreis 284: Offenburg, CDU, Bundestagspräsident Wolfgang Schäuble
53%
Wahlkreis 229: Passau, CSU, Verkehrsminister Andreas Scheuer
51%
Wahlkreis 78: Berlin-Spandau – Charlottenburg Nord, SPD Sven Schulz
51%
Wahlkreis 124: Steinfurt I – Borken I, CDU, Gesundheitsminister Jens Spahn
49%
Wahlkreis 158: Sächsische Schweiz – Osterzgebirge, Die Blaue Partei (gewählt für die AfD) Frauke Petry
47%
Wahlkreis 85: Berlin-Marzahn–Hellersdorf, Die Linke Petra Pau
45%
Wahlkreis 232: Amberg, CSU Alois Karl
43%
Wahlkreis 45: Gifhorn – Peine, SPD, Arbeitsminister Hubertus Heil
43%
Wahlkreis 198: Ahrweiler, CDU Mechthild Heil
43%
Wahlkreis 86: Berlin-Lichtenberg, Die Linke Gesine Lötzsch
41%
Wahlkreis 239: Hof, CSU, Parlamentsvize, Minister a.D. Hans-Peter Friedrich
41%
Wahlkreis 173: Gießen, CDU, Leiter des Kanzleramts Helge Braun
41%
Wahlkreis 285: Rottweil – Tuttlingen, CDU, Fraktionsvorsitzender bis 2018 Volker Kauder
41%
Wahlkreis 101: Leverkusen – Köln IV, SPD Karl Lauterbach
39%
Wahlkreis 53: Göttingen, SPD, Bundestagsvize Thomas Oppermann
39%
Wahlkreis 226: Weilheim, CSU, Minister a.D. Alexander Dobrindt
37%
Wahlkreis 128: Steinfurt III, CDU, Bildungsministerin Anja Karliczek
37%
Wahlkreis 35: Rotenburg I – Heidekreis, SPD, Generalsekretär Lars Klingbeil
37%
Wahlkreis 131: Gütersloh I, CDU, Fraktionsvorsitzender Ralph Brinkhaus
37%
Wahlkreis 18: Hamburg-Mitte, SPD Johannes Kahrs
35%
Wahlkreis 212: Altötting, CSU Stephan Mayer
35%
Wahlkreis 88: Aachen II, SPD Claudia Moll
33%
Wahlkreis 116: Duisburg II, SPD Mahmut Özdemir
33%
Wahlkreis 157: Görlitz, AfD Tino Chrupalla
33%
Wahlkreis 137: Paderborn – Gütersloh III, CDU Carsten Linnemann
31%
Wahlkreis 17: Mecklenburgische Seenplatte II – Landkreis Rostock III, CDU Eckhardt Rehberg
31%
Wahlkreis 298: St. Wedel, CDU Nadine Schön
31%
Wahlkreis 83: Berlin-Friedrichshain – Kreuzberg – Prenzlauer Berg Ost, Bündnis90/Die Grünen Canan Bayram
29%
Wahlkreis 169: Werra-Meißner – Hersfeld-Rotenburg, SPD Michael Roth
29%
Wahlkreis 142: Dortmund I, parteilos (gewählt für die SPD) Marco Bülow
27%
Wahlkreis 5: Kiel, SPD Mathias Stein
27%
Wahlkreis 14: Rostock – Landkreis Rostock II, CDU Peter Stein
27%
Wahlkreis 153: Leipzig II, Die Linke Sören Pellmann
27%
Wahlkreis 286: Schwarzwald-Baar, CDU Thorsten Frei
27%
Wahlkreis 64: Cottbus – Spree-Neiße, CDU Klaus-Peter Schulze
24%
Wahlkreis 122: Recklinghausen II, SPD Michael Groß
24%
Wahlkreis 222: Rosenheim, CSU Daniela Ludwig
22%
Wahlkreis 97: Rhein-Sieg-Kreis I, CDU Elisabeth Winkelmeier-Becker
22%
Wahlkreis 75: Berlin-Mitte, SPD Eva Högl
22%
Wahlkreis 98: Rhein-Sieg-Kreis II, CDU Norbert Röttgen
22%
Wahlkreis 175: Main-Kinzig – Wetterau II – Schotten, CDU Peter Tauber
22%
Wahlkreis 102: Wuppertal I, SPD Helge Lindh
20%
Wahlkreis 156: Bautzen I, AfD Karsten Hilse
20%
Wahlkreis 26: Friesland – Wilhelmshaven – Wittmund, SPD Siemtje Möller
20%
Wahlkreis 134: Minden-Lübbecke I, SPD Achim Post
18%
Wahlkreis 291: Ulm, CDU, Bildungsministerin a.D. Anette Schavan
18%
Wahlkreis 193: Erfurt – Weimar – Weimarer Land II, CDU Antje Tillmann
18%
Wahlkreis 51: Helmstedt – Wolfsburg, SPD Falco Mohrs
18%
Wahlkreis 108: Neuss I, CDU Hermann Gröhe
18%
Wahlkreis 24: Aurich – Emden, SPD Johann Saathoff
18%
Wahlkreis 47: Hannover-Land II, SPD Matthias Miersch
18%
Wahlkreis 36: Harburg, CDU, PGf Michael Grosse-Brömer
18%
Wahlkreis 76: Berlin-Pankow, Die Linke Stefan Liebich
18%
Wahlkreis 115: Duisburg I, SPD Bärbel Bas
16%
Wahlkreis 190: Eisenach – Wartburgkreis – Unstrut-Hainich-Kreis, CDU Christian Hirte
16%
Wahlkreis 94: Köln II, CDU Heribert Hirte
16%
Wahlkreis 259: Stuttgart II, CDU Karin Maag
16%
Wahlkreis 13: Ludwigslust-Parchim II – Nordwestmecklenburg II – Landkreis Rostock I, CDU Karin Strenz
16%
Wahlkreis 61: Potsdam – Potsdam-Mittelmark II – Teltow-Fläming II, SPD Manja Schüle
16%
Wahlkreis 182: Frankfurt am Main I, CDU Matthias Zimmer
16%
Wahlkreis 104: Mettmann I, CDU Michaela Noll
16%
Wahlkreis 225: Traunstein, CSU Peter Ramsauer
16%
Wahlkreis 155: Meißen, CDU Thomas de Maizière
16%
Wahlkreis 249: Main-Spessart, CSU Alexander Hoffmann
14%
Wahlkreis 290: Tübingen, CDU Anette Widmann-Mauz
14%
Wahlkreis 167: Waldeck, SPD Esther Dilcher
14%
Wahlkreis 25: Unterems, CDU Gitta Connemann
14%
Wahlkreis 62: Dahme-Spreewald – Teltow-Fläming III – Oberspreewald-Lausitz I, CDU Jana Schimke
14%
Wahlkreis 178: Rheingau-Taunus – Limburg, CDU Klaus-Peter Willsch
14%
Wahlkreis 189: Eichsfeld – Nordhausen – Kyffhäuserkreis, CDU Manfred Grund
14%
Wahlkreis 163: Chemnitzer Umland – Erzgebirgskreis II, CDU Marco Wanderwitz
14%
Wahlkreis 174: Fulda, CDU Michael Brand
14%
Wahlkreis 141: Herne – Bochum II, SPD Michelle Müntefering
14%
Wahlkreis 168: Kassel, SPD Timon Gremmels
14%
Wahlkreis 166: Vogtlandkreis, CDU Yvonne Magwas
14%
Wahlkreis 287: Konstanz, CDU Andreas Jung
12%
Wahlkreis 22: Hamburg-Wandsbek, SPD Aydan Özoguz
12%
Wahlkreis 21: Hamburg-Nord, CDU Christoph Ploß
12%
Wahlkreis 221: München-Land, CSU Florian Hahn
12%
Wahlkreis 43: Hannover-Land I, CDU Hendrik Hoppenstedt
12%
Wahlkreis 179: Wiesbaden, CDU Ingmar Jung
12%
Wahlkreis 81:Berlin-Tempelhof – Schöneberg, CDU Jan-Marco Luczak
12%
Wahlkreis 273: Rastatt, CDU Karl Whittaker
12%
Wahlkreis 120: Essen III, CDU Matthias Hauer
12%
Wahlkreis 7: Pinneberg, CDU Michael von Abercron
12%
Wahlkreis 20: Hamburg-Eimsbüttel, SPD Niels Annen
12%
Wahlkreis 283: Emmendingen – Lahr, CDU Peter Weiß
12%
Wahlkreis 113: Wesel I, CDU Sabine Weiss
12%
Wahlkreis 107: Düsseldorf II, CDU Sylvia Pantel
12%
Wahlkreis 295: Zollernalb – Sigmaringen, CDU Thomas Bareiß
12%
Wahlkreis 252: Augsburg-Stadt, CSU Volker Ullrich
12%
Wahlkreis 272: Karlsruhe-Land, CDU Axel Fischer
10%
Wahlkreis 191: Jena – Sömmerda – Weimarer Land I, CDU Johannes Selle
10%
Wahlkreis 39: Stadt Osnabrück, CDU Mathias Middelberg
10%
Wahlkreis 230: Rottal-Inn, CSU Max Straubinger
10%
Wahlkreis 30: Stade I – Rotenburg II, CDU Oliver Grundmann
10%
Wahlkreis 147: Hochsauerlandkreis, CDU Patrick Sensburg
10%
Wahlkreis 105: Mettmann II, CDU Peter Beyer
10%
Wahlkreis 106: Düsseldorf I, CDU Thomas Jarzombek
10%
Wahlkreis 161: Mittelsachsen, CDU Veronika Bellmann
10%
Wahlkreis 194: Gera – Greiz – Altenburger Land, CDU Volkmar Vogel
10%
Wahlkreis 132: Bielefeld – Gütersloh II, SPD Wiebke Esdar
10%
Wahlkreis 42: Stadt Hannover II, SPD Yasmin Fahimi
10%
Wahlkreis 231: Straubing, CSU Alois Rainer
8%
Wahlkreis 159. Dresden I, CDU Andreas Lämmel
8%
Wahlkreis 210: Pirmasens, CDU Anita Schäfer
8%
Wahlkreis 2: Nordfriesland – Dithmarschen Nord, CDU Astrid Damerow
8%
Wahlkreis 140: Bochum I, SPD Axel Schäfer
8%
Wahlkreis 150: Märkischer Kreis II, SPD Dagmar Freitag
8%
Wahlkreis 240: Kulmbach, CSU Emmi Zeulner
8%
Wahlkreis 82: Berlin-Neukölln, SPD Felix Felgentreu
8%
Wahlkreis 162: Chemnitz, CDU Frank Heinrich
8%
Wahlkreis 164: Erzgebirgskreis I, CDU Günther Baumann
8%
Wahlkreis 296: Saarbrücken, SPD Josephine Ortleb
8%
Wahlkreis 103: Solingen – Remscheid – Wuppertal II, , CDU Jürgen Hardt
8%
Wahlkreis 71: Anhalt, CDU Kees de Vries
8%
Wahlkreis 196: Suhl – Schmalkalden-Meiningen – Hildburghausen – Sonneberg, CDU Mark Hauptmann
8%
Wahlkreis 23: Hamburg-Bergedorf – Harburg, SPD Metin Hakverdi
8%
Wahlkreis 95: Köln III, SPD Rolf Mützenrich
8%
Wahlkreis 237: Bayreuth, CSU Silke Launert
8%
Wahlkreis 171: Marburg, SPD Sören Bartol
8%
Wahlkreis 148: Siegen-Wittgenstein, CDU Volkmar Klein
8%
Wahlkreis 250: Schweinfurt, CSU Anja Weisgerber
6%
Wahlkreis 160: Dresden II – Bautzen II, CDU Arnold Vaatz
6%
Wahlkreis 28: Delmenhorst – Wesermarsch – Oldenburg-Land, CDU Astrid Grotelüschen
6%
Wahlkreis 217: München-Nord, CSU Bernhard Loos
6%
Wahlkreis 50: Braunschweig, SPD Carola Reimann
6%
Wahlkreis 27: Oldenburg – Ammerland, SPD Dennis Rohde
6%
Wahlkreis 60: Brandenburg an der Havel – Potsdam-Mittelmark I – Havelland III – Teltow-Fläming I, CDU Dietlind Tiemann
6%
Wahlkreis 170: Schwalm-Eder, SPD Edgar Franke
6%
Wahlkreis 197: Neuwied, CDU Erwin Rüddel
6%
Wahlkreis 121: Recklinghausen I, SPD Frank Schwabe
6%
Wahlkreis 255: Neu-Ulm, CSU Georg Nüßlein
6%
Wahlkreis 8: Segeberg – Stormarn-Mitte, CDU Gero Storjohann
6%
Wahlkreis 59: Märkisch-Oderland – Barnim II, CDU Hans-Georg von der Marwitz
6%
Wahlkreis 68: Harz, CDU Heike Brehmer
6%
Wahlkreis 152: Leipzig I, CDU Jens Lehmann
6%
Wahlkreis 4: Rendsburg-Eckernförde, CDU Johann Wadepuhl
6%
Wahlkreis 154: Leipzig-Land, CDU Katharina Landgraf
6%
Wahlkreis 180: Hanau, CDU Katja Leikert
6%
Wahlkreis 41: Stadt Hannover I, SPD Kerstin Tack
6%
Wahlkreis 63: Frankfurt (Oder) – Oder-Spree, CDU Martin Patzelt
6%
Wahlkreis 6: Plön – Neumünster, CDU Melanie Bernstein
6%
Wahlkreis 262: Nürtingen, CDU Michael Hennrich
6%
Wahlkreis 65: Elbe-Elster – Oberspreewald-Lausitz II, CDU Michael Stübgen
6%
Wahlkreis 145: Hamm – Unna II, SPD Michael Thews
6%
Wahlkreis 181: Main-Taunus, CDU Norbert Altenkamp
6%
Wahlkreis 144: Unna I, SPD Oliver Kaczmarek
6%
Wahlkreis 187: Odenwald, CDU Patricia Lips
6%
Wahlkreis 270: Aalen – Heidenheim, CDU Roderich Kiesewetter
6%
Wahlkreis 52: Goslar – Northeim – Osterode, CDU Roy Kühne
6%
Wahlkreis 87: Aachen I, CDU Rudolf Henke
6%
Wahlkreis 244: Nürnberg-Nord, CSU Sebastian Brehm
6%
Wahlkreis 265: Ludwigsburg, CDU Steffen Bilger
6%
Wahlkreis 277: Rhein-Neckar, CDU Stephan Harbarth
6%
Wahlkreis 128: Münster, CDU Sybille Benning
6%
Wahlkreis 79: Berlin-Steglitz – Zehlendorf, CDU Thomas Heilmann
6%
Wahlkreis 69: Magdeburg, CDU Tino Sorge
6%
Wahlkreis 254: Donau-Ries, CSU Ulrich Lange
6%
Wahlkreis 205: Mainz, CDU Ursula Groden-Kranich
6%
Wahlkreis 218: München-Ost, CSU Wolfgang Stefinger
6%
Wahlkreis 213: Erding – Ebersberg, CSU Andreas Lenz
4%
Wahlkreis 204: Montabaur, CDU Andreas Nick
4%
Wahlkreis 110: Krefeld I – Neuss II, CDU Ansgar Heveling
4%
Wahlkreis 282: Lörrach – Müllheim, CDU Armin Schuster
4%
Wahlkreis 118: Mülheim – Essen I, SPD Arno Klare
4%
Wahlkreis 183: Frankfurt am Main II, CDU Bettina Wiesmann
4%
Wahlkreis 99: Oberbergischer Kreis, CDU Carsten Brodesser
4%
Wahlkreis 268: Schwäbisch Hall – Hohenlohe, CDU Christian von Stetten
4%
Wahlkreis 92: Euskirchen – Rhein-Erft-Kreis II, CDU Detlef Seif
4%
Wahlkreis 73: Burgenland – Saalekreis, CDU Dieter Stier
4%
Wahlkreis 29: Cuxhaven – Stade II, CDU Enak Ferlemann
4%
Wahlkreis 91: Rhein-Erft-Kreis I, CDU Georg Kippels
4%
Wahlkreis 109: Mönchengladbach, CDU Günter Krings
4%
Wahlkreis 209: Kaiserslautern, SPD Gustav Herzog
4%
Wahlkreis 44: Celle – Uelzen, CDU Henning Otte
4%
Wahlkreis 100: Rheinisch-Bergischer Kreis, CDU Hermann-Josef Tebroke
4%
Wahlkreis 9: Ostholstein – Stormarn-Nord, CDU Ingo Gädechens
4%
Wahlkreis 271: Karlsruhe-Stadt, CDU Ingo Wellenreuther
4%
Wahlkreis 206: Worms, CDU Jan Metzler
4%
Wahlkreis 46: Hameln-Pyrmont – Holzminden, SPD Johannes Schraps
4%
Wahlkreis 208: Neustadt – Speyer, CDU Johannes Steiniger
4%
Wahlkreis 215: Fürstenfeldbruck, CSU Katrin Staffler
4%
Wahlkreis 114: Krefeld II – Wesel II, CDU Kerstin Radomski
4%
Wahlkreis 135: Lippe I, CDU Kerstin Vieregge
4%
Wahlkreis 80: Berlin-Charlottenburg – Wilmersdorf, CDU Klaus-Dieter Gröhler
4%
Wahlkreis 67: Börde – Jerichower Land, CDU Manfred Behrens
4%
Wahlkreis 127: Coesfeld – Steinfurt II, CDU Marc Henrichmann
4%
Wahlkreis 151: Nordsachsen, CDU Marian Wendt
4%
Wahlkreis 123: Gelsenkirchen, SPD Markus Töns
4%
Wahlkreis 246: Roth, CSU Marlene Mortler
4%
Wahlkreis 149: Olpe – Märkischer Kreis I, CDU Matthias Heider
4%
Wahlkreis 188: Bergstraße, CDU Michael Meister
4%
Wahlkreis 278: Bruchsal – Schwetzingen, CDU Olav Gutting
4%
Wahlkreis 1: Flensburg – Schleswig, CDU Petra Nicolaisen
4%
Wahlkreis 138: Hagen – Ennepe-Ruhr-Kreis I, SPD René Röspel
4%
Wahlkreis 54: Bremen I, SPD Sarah Ryglewski
4%
Wahlkreis 258: Stuttgart I, CDU Stefan Kaufmann
4%
Wahlkreis 192: Gotha – Ilm-Kreis, CDU Tankred Schipanski
4%
Wahlkreis 31: Mittelems, CDU Albert Stegemann
2%
Wahlkreis 195: Saalfeld-Rudolstadt – Saale-Holzland-Kreis – Saale-Orla-Kreis, CDU Albert Weiler
2%
Wahlkreis 223: Bad Tölz-Wolfratshausen – Miesbach, CSU Alexander Gamal Radwan
2%
Wahlkreis 267: Heilbronn, CDU Alexander Throm
2%
Wahlkreis 276: Odenwald – Tauber, CDU Alois Gerig
2%
Wahlkreis 247: Aschaffenburg, CSU Andrea Lindholz
2%
Wahlkreis 34: Osterholz – Verden, CDU Andreas Mattfeldt
2%
Wahlkreis 38: Osnabrück-Land, CDU André Berghegger
2%
Wahlkreis 201: Kreuznach, CDU Antje Lezius
2%
Wahlkreis 241: Ansbach, CSU Artur Auernhammer
2%
Wahlkreis 186: Darmstadt, CDU Astrid Mannes
2%
Wahlkreis 33: Diepholz – Nienburg I, CDU Axel Knoerig
2%
Wahlkreis 48: Hildesheim, SPD Bernd Westphal
2%
Wahlkreis 185: Offenbach, CDU Björn Simon
2%
Wahlkreis 165: Zwickau, CDU Carsten Körber
2%
Wahlkreis 136: Höxter – Lippe II, CDU Christian Haase
2%
Wahlkreis 72: Halle, CDU Christoph Bernstiel
2%
Wahlkreis 11: Lübeck, CDU Claudia Schmidke
2%
Wahlkreis 12: Schwerin – Ludwigslust-Parchim I – Nordwestmecklenburg I, CDU Dietrich Monstadt
2%
Wahlkreis 119: Essen II, SPD Dirk Heidenblut
2%
Wahlkreis 117: Oberhausen – Wesel III, SPD Dirk Vöpel
2%
Wahlkreis 66: Altmark, CDU Eckhard Gnodtke
2%
Wahlkreis 37: Lüchow-Dannenberg – Lüneburg, CDU Eckhard Pols
2%
Wahlkreis 288: Waldshut, CDU Felix Schreiner
2%
Wahlkreis 280: Calw, CDU Hans-Joachim Fuchtel
2%
Wahlkreis 172: Lahn-Dill, CDU Hans-Jürgen Irmer
2%
Wahlkreis 146: Soest, CDU Hans-Jürgen Thies
2%
Wahlkreis 238: Coburg, CSU Hans Michelbach
2%
Wahlkreis 263: Göppingen, CDU Hermann Färber
2%
Wahlkreis 57: Uckermark – Barnim I, CDU Jens Koeppen
2%
Wahlkreis 264: Waiblingen, CDU Joachim Pfeiffer
2%
Wahlkreis 126: Borken II, CDU Johannes Röring
2%
Wahlkreis 274: Heidelberg, CDU Karl A. Lamers
2%
Wahlkreis 93: Köln I, CDU Karsten Möring
2%
Wahlkreis 40: Nienburg II – Schaumburg, CDU Maik Beermann
2%
Wahlkreis 260: Böblingen, CDU Marc Biadacz
2%
Wahlkreis 3: Steinburg – Dithmarschen Süd, CDU Mark Helfrich
2%
Wahlkreis 176: Hochtaunus, CDU Markus Koob
2%
Wahlkreis 299: Hoburg, CDU Markus Uhl
2%
Wahlkreis 281: Freiburg, CDU Matern von Marschall
2%
Wahlkreis 19: Hamburg-Altona, SPD Matthias Bartke
2%
Wahlkreis 245: Nürnberg-Süd, CSU Michael Frieser
2%
Wahlkreis 125: Bottrop – Recklinghausen III, SPD Michael Gerdes
2%
Wahlkreis 275: Mannheim, CDU Nikolas Löbel
2%
Wahlkreis 10: Herzogtum Lauenburg – Stormarn-Süd, CDU Norbert Brackmann
2%
Wahlkreis 177: Wetterau I, CDU Oswin Veith
2%
Wahlkreis 202: Bitburg, CDU Patrick Schnieder
2%
Wahlkreis 233: Regensburg, CSU Peter Aumer
2%
Wahlkreis 139: Ennepe-Ruhr-Kreis II, SPD Ralf Kapschack
2%
Wahlkreis 130: Warendorf, CDU Reinhold Sendker
2%
Wahlkreis 143: Dortmund II, SPD Sabine Poschmann
2%
Wahlkreis 56: Prignitz – Ostprignitz-Ruppin – Havelland I, CDU Sebastian Steinecke
2%
Wahlkreis 32: Cloppenburg – Vechta, CDU Silvia Dreher
2%
Wahlkreis 112: Kleve, CDU Stefan Rouenhoff
2%
Wahlkreis 133: Herford – Minden-Lübbecke II, SPD Stefan Schwartze
2%
Wahlkreis 220: München-West/Mitte, CSU Stephan Pilsinger
2%
Wahlkreis 90: Düren, CDU Thomas Rachel
2%
Wahlkreis 207: Ludwigshafen/Frankenthal, CDU Torbjörn Kartes
2%
Wahlkreis 74: Mansfeld, CDU Torsten Schweiger
2%
Wahlkreis 58: : Oberhavel – Havelland II, CDU Uwe Feiler
2%
Wahlkreis 111: Viersen, CDU Uwe Schummer
2%
Wahlkreis 89: Heinsberg, CDU Wilfried Oellers
2%
Wahlkreis 235: Weiden, CSU Albert Rupprecht
0%
Wahlkreis 203: Trier, CDU Andreas Steier
0%
Wahlkreis 266: Nackar-Zaber, CDU Eberhard Gienger
0%
Wahlkreis 214: Freising, CSU Erich Irlstorfer
0%
Wahlkreis 228: Landshut, CSU Florian Oßner
0%
Wahlkreis 77: Berlin-Reinickendorf, CDU Frank Scheffel
0%
Wahlkreis 279: Pforzheim, CDU Gunther Kirchbaum
0%
Wahlkreis 253: Augsburg-Land, CSU Hansjörg Durz
0%
Wahlkreis 199: Koblenz, CDU Josef Oster
0%
Wahlkreis 292: Biberach, CDU Josef Rief
0%
Wahlkreis 234: Schwandorf, CSU Karl Holmeier
0%
Wahlkreis 293: Bodensee, CDU Lothar Riebsamen
0%
Wahlkreis 261: Esslingen, CDU Markus Grübel
0%
Wahlkreis 289: Reutlingen, CDU Michael Donth
0%
Wahlkreis 224: Starnberg – Landsberg am Lech, CSU Michael Kießling
0%
Wahlkreis 219: München-Süd, CSU Michael Kuffer
0%
Wahlkreis 96: Bonn, SPD Nezahat Baradari
0%
Wahlkreis 269: Backnang – Schwäbisch Gmünd, CDU Norbert Barthle
0%
Wahlkreis 251: Würzburg, CSU Paul Lehrieder
0%
Wahlkreis 200: Mosel/Rhein-Hunsrück, CDU Peter Bleser
0%
Wahlkreis 216: Ingolstadt, CSU Reinhard Brandl
0%
Wahlkreis 184: Groß-Gerau, CDU Stefan Sauer
0%
Wahlkreis 257: Ostallgäu, CSU Stephan Stracke
0%
Wahlkreis 227: Deggendorf, CSU Thomas Erndl
0%
Wahlkreis 211: Südpfalz, CDU Thomas Gebhart
0%
Wahlkreis 236: Bamberg, CSU Thomas Silberhorn
0%
Wahlkreis 55: Bremen II – Bremerhaven, SPD Uwe Karl Breckmeyer
0%
Keine übereinstimmenden Quizze gefunden
Verteilung der Resultate
Anzahl Personen mit jedem Resultat
Perzentil nach korrekt beantworteten Fragen
Ihre Resultats-Entwicklung
Sie haben dieses Quiz noch nicht gespielt